Cobb Salad Ingredients (with a picture) - Statistics

General Stats
  • This quiz has been taken 65 times
  • The average score is 7 of 12
Answer Stats
Answer % Correct
{Iceberg} Lettuce
84%
{Romaine} Lettuce
82%
Tomato
82%
Hard-Boiled Eggs
75%
Roquefort Cheese
75%
Bacon
71%
Chicken Breast
50%
Avocado
39%
Chives
36%
Red-Wine Vinaigrette
30%
Endives
16%
Watercress
9%
No matching quizzes found
Score Distribution
Percent of People with Each Score
Percentile by Number Answered
Your Score History
You have not taken this quiz